000 00316nam a22001337a 4500
008 180904b xxu||||| |||| 00| 0 eng d
020 _a9780803619173
041 _aeng
080 _26 ED
_a610.73
100 _a1
101 _aINF
245 _aPsychiatric Mnetal Health Nursing
_cTownsed,m,C
942 _2udc
_cBK
999 _c47512
_d47512